Postavenie žien v islame – príklad Turecka diplomová práca

Salvato in:
Dettagli Bibliografici
Autore principale: Ziffová, Karolína
Ente Autore: Fakulta medzinárodných vzťahov EU. Katedra medzinárodných politických vzťahov
Altri autori: Čech, Ľubomír, 1955-
Natura: Libro
Lingua:slovacco
Pubblicazione: Bratislava 2019
Tags: Aggiungi Tag
Nessun Tag, puoi essere il primo ad aggiungerne!!

MARC

LEADER 00000nbm a2200000 4500
001 0255083
005 20190806134622.1
041 0 |a slo 
044 |a SK 
245 1 0 |a Postavenie žien v islame – príklad Turecka  |b diplomová práca  |c Karolína Ziffová ; školiteľ: Ľubomír Čech 
264 1 |a Bratislava  |c 2019 
300 |a 70 s. 
100 1 |a Ziffová, Karolína 
700 1 |a Čech, Ľubomír, 1955- 
710 2 |a Fakulta medzinárodných vzťahov EU. Katedra medzinárodných politických vzťahov